| 000 | 00395nam a2200145 a 4500 | ||
|---|---|---|---|
| 005 | 20140412111325.0 | ||
| 008 | 110128s19uu xx 00 eng d | ||
| 020 | _a971-569-001-7 | ||
| 050 |
_aFil 398.2 _bC34 1990 |
||
| 100 | _aChorengel, Marla Yotoko | ||
| 245 |
_aGabi and the Engkanto / _cMarla Yotoko Chorengel. |
||
| 260 |
_aPhils : _bBookmark, _c1990. |
||
| 300 | _a23p. | ||
| 999 |
_c104598 _d104598 |
||